| 000 | 00477nam a22001577a 4500 | ||
|---|---|---|---|
| 003 | NUST | ||
| 082 | _a200 | ||
| 100 |
_aRiaz, Kainat _9106503 |
||
| 245 |
_aAdversarial Attack on Handcrafted Feature / _cKainat Riaz |
||
| 264 |
_aIslamabad : _bSEECS, NUST, _c2022. |
||
| 300 | _a80 p. ; | ||
| 650 |
_aMS-Electrical Engineering _923567 |
||
| 700 |
_aSupervisor: Muhammad Latif Anjum _9106504 |
||
| 856 | _uhttp://10.250.8.41:8080/xmlui/handle/123456789/31703 | ||
| 942 |
_2ddc _cSC |
||
| 999 |
_c592865 _d592865 |
||